000 01640nam0a2200349 4500
001 RU\NLR\bibl\855957
005 20260405143806.0
010 _a5-8091-0230-1
_93000
021 _aRU
_b2005-30880
_91545
035 _a(nilc)RSL-KNO-002605296
035 _a(NLR Aleph) 000844676
090 _a1442269
_c1442269
100 _a20050524d2005 |||y0rusy50 ca
101 0 _arus
102 _aRU
105 _ay |||||||||
106 _ar
200 1 _aРаны победителей
_eдетектив. роман
_fГригорий Кроних
210 _aНовосибирск
_cМангазея
_d2005
_gОАО Новосибирский полигр. комб.
215 _a328, [1] с.
_d17
225 1 _aРусский криминал
610 0 _aФилологические науки. Художественная литература -- Российская Федерация -- Русская литература -- с сер. 50-х гг. 20 в. -- Произведения художественной литературы -- Художественная проза -- Романы. Повести. Рассказы -- Приключенческие и детективные романы, повести, рассказы
686 _aШ5(2=Р)75-644.6
_2rubbk
686 _aШ6(2=Р)75-446
700 1 _4070
_8rus
_7ca
_aКроних
_bГ. А.
_f1966-
_gГригорий Андреевич
_3RU\NLR\AUTH\7759485
_942416
801 0 _aRU
_bRuMoRKP
_c20050524
_grcr
801 1 _aRU
_bRuMoRGB
_c20050524
801 2 _aRU
_bNLR
_c20051019
_grcr
942 _cBOOK
980 _aNB